00673nam a22001697a 4500003000900000008004100009040007100050082001800121100001700139245005600156260002200212300002800234505017500262650002100437650002300458650002200481AR-CdUCM190312b ||||| |||| 00| 0 spa d aMUNICIPALIDAD PROVINCIAL DEL CUSCOcBIBLIOTECA MUNICIPAL DEL CUSCO a146.1 /bUL38 aUlloa, Justo aEl suplicio de los avaros :bensayos materialista / aChile :bAustral. a267 páginas ;c26 cm. aContenido: Ciencia y religión -- Biología del alma -- Cr´tica a la ideología de la democracia -- Algunos conceptos sobre educación -- El suplicio de los avaros.  aConcepto de alma aIglesia Católica aAntropocentrismo